000 00784nam a22002657a 4500
005 20260401164810.0
008 260401b |||||||| |||| 00| 0 eng d
020 _a9789395116039
037 _cTB
040 _aLCT
_cLCT
041 _2eng
_aeng
_heng
084 _aZ2,93 J4;R3
100 _aBindra, N.S
_9753117
245 _aN.S BINDRA Interpretation of Statutes /
250 _a13th ed.
260 _aGurgaon, India:
_bLexisNexis,
_c2023
300 _acxcii, 998p.
365 _b2795.00
_cINR
650 _2 Law
650 _aInterpretation and construction Law
_9810323
650 _aInterpretation
650 _aConstruction
_9660580
700 _aDhanda, Amita
_91116779
942 _2CC
_cTB
_hZ2,93 J4;R3
_n0
999 _c1847956
_d1847956